Name Every Cookie Run: Ovensmash Cookie - Statistics

General Stats
  • This quiz has been taken 5 times
    2 since last reset
  • The average score is 17 of 23
Answer Stats
Rarity Cookie Name % Correct
Epic Bacon Roll Cookie
100%
Rare Blue Slushy Cookie
100%
Epic Brie Cheese Cookie
100%
Epic Camembert Cookie
100%
Common Cherry Cookie
100%
Rare Dark Choco Cookie
100%
Common Fruit Punch Cookie
100%
Epic Ice Pop Cookie
100%
Rare Latte Cookie
100%
Epic Madeleine Cookie
100%
Rare Melon Soda Cookie
100%
Common Rye Cookie
100%
Epic String Cheese Cookie
100%
Rare Blueberry Pie Cookie
50%
Rare Chili Pepper Cookie
50%
Epic Espresso Cookie
50%
Common Gingerbrave
50%
Rare Peach Cookie
50%
Epic Red Velvet Cookie
50%
Rare Strawberry Crepe Cookie
50%
Rare Tiger Lily Cookie
50%
Epic Jerky Cookie
0%
Common Peppermint Cookie
0%
No matching quizzes found
Score Distribution
Percent of People with Each Score
Percentile by Number Answered
Your Score History
You have not taken this quiz since the last reset